000 01044nab a2200265 u 4500
001 12072
003 HDC
007 cr bn ---aaaaa
008 210208c20120905my dr|nes 0 a may d
040 _aHDC
100 _aMohd Azrone Sarabatin
_eauthor
_98977
245 0 _aPKS patut dapat lebih dana / oleh
_cMohd Azrone Sarabatin
260 _aKuala Lumpur :
_bThe New Straits Times Press (M) Bhd.,
_c2012
336 _atext
_2rdacontent
337 _acomputer
_2rdamedia
338 _aonline resource
_2rdacarrier
650 _aFinancial fund
_99095
650 _aSME development
_zMalaysia
_912459
710 _aBerita Harian
856 _zRequest full-text at [email protected]
856 _zRequest full-text at [email protected]
942 _2lcc
942 _cNEWS
942 _kNWSC 000102
999 _c9395
_d9395